Recopilación de Decretos Leyes. Dictados por la Junta de Gobierno constituida el 11 de Septiembre de 1973, que asumió el mando supremo de la nación. Con índices numérico, temático, onomástico y de notas
Salvato in:
| Ente Autore: | |
|---|---|
| Natura: | Libro |
| Lingua: | spagnolo |
| Pubblicazione: |
Santiago
Contraloría General de la República
1975
|
| Soggetti: | |
| Tags: |
Aggiungi Tag
Nessun Tag, puoi essere il primo ad aggiungerne!!
|
MARC
| LEADER | 00000nam a2200000 a 4500 | ||
|---|---|---|---|
| 001 | UCR0679 | ||
| 003 | CL-VaPUC | ||
| 008 | 971205e19750000CL |||||||||||||||||spa|d | ||
| 082 | 0 | 4 | |a 348.022 |b CON |2 21 |
| 110 | 2 | |a Contraloría General de la República |e author |9 396742 | |
| 245 | 1 | 0 | |a Recopilación de Decretos Leyes. Dictados por la Junta de Gobierno constituida el 11 de Septiembre de 1973, que asumió el mando supremo de la nación. Con índices numérico, temático, onomástico y de notas |
| 300 | |a t | ||
| 942 | |c BK | ||
| 945 | |d 19971205 00:00:00 |a lriquelm | ||
| 260 | |a Santiago |b Contraloría General de la República |c 1975 | ||
| 500 | |a Contiene: desde la decreto ley 901, de 24 de Febrero de 1975, al decreto ley 1.100, de 18 de Julio de 1975 | ||
| 500 | |a Decretos Leyes vol.6 | ||
| 500 | |a Donación profesor Fernando Recio Olguín | ||
| 650 | 7 | |a LEGISLACION |2 CL-VaPUC |9 396743 | |
| 650 | 0 | |a Leyes |9 256670 | |
| 650 | 7 | |a FUENTES |2 CL-VaPUC |9 255666 | |
| 650 | 7 | |a DERECHO CHILENO |2 CL-VaPUC |9 396744 | |
| 650 | 7 | |a DECRETO LEY |2 CL-VaPUC |9 382553 | |
| 583 | |a last modification |c 20140410 09:55:07 |k Rodrigo Vera | ||
| 999 | |c 264178 |d 264176 | ||
| 952 | |0 0 |1 0 |4 0 |6 348_022000000000000_CON_1975 |7 0 |8 F |9 294075 |a BIBDER |b BIBDER |d 2019-11-19 |h t.66 |i 1911376 |o 348.022 CON 1975 |p 1911376 |r 2023-01-25 |w 2019-11-19 |y BK_F |k DER | ||
| 952 | |0 0 |1 0 |4 0 |6 348_022000000000000_CON_1975 |7 0 |8 X |9 294076 |a BIBHIS |b BIBHIS |d 2019-11-19 |h t.66 |i 2128756 |o 348.022 CON 1975 |p 2128756 |r 2024-01-30 |w 2019-11-19 |y BK_X |k HIS | ||